MDQL
is popping MORE tags! Check the
thread
!
Quizzes
Events
Quiz Creation
Community
Videos
Private Events
Remove Ads
Sign In
Join for FREE
Feedback
Dark Mode
Quiz Categories
Sports
Geography
Music
Movies
Television
Just For Fun
Miscellaneous
History
Literature
Language
Science
Gaming
Entertainment
Religion
Holiday
For Kids
Quiz Lab
Recent
Popular Today
Quiz Kudos Today
Editor Picks
Curator Picks
Quizzes by...
Day
Popularity
Type
Ratings
Length
Year
Community
Subscriptions
Recent Discussions
Orange Saloon
Badges
Playlists
Quests
Create
Leaderboards
Showdown
Live 5
Trivia Bingo
Activity
Puzzle Library
Sporcle Events
Private Events
Virtual Trivia
Globe League
Become a Host
Pub Owners
SporcleCon
Opinionation
Our Games
Videos
Blog
Mobile Apps
Partnerships
Remove Ads and Go Orange
Feedback
Sports
Athletes
MLB
NBA
NHL
NFL
Soccer
Sports Teams
WWE
NCAA
Football
Premier League
Basketball
Baseball
Hockey
Golf
Tennis
Cricket
Rugby
Auto Racing
Olympics
World Cup
Sports
Athletes
MLB
NBA
NHL
NFL
Soccer
Sports Teams
WWE
NCAA
Football
Premier League
Basketball
Baseball
Hockey
Golf
Tennis
Cricket
Rugby
Auto Racing
Olympics
World Cup
Random Quiz
Search Sporcle
×
Quiz Lab
Quiz Lab
Sports
Germany
Type in answers that appear in a list
Type in answers that appear in a list
Classic
Best Score? Go Orange.
Formula One: Germany Grand Prix since 1990 Stats
Can you name the Formula One: Germany Grand Prix since 1990
By
Go_Quiz
10m
176 Questions
178 Plays
178 Plays
178 Plays
Comments
Comments
Give Quiz Kudos
Give Quiz Kudos
-
- Ratings
hide this ad
More Info
Replay
Link that replays current quiz
Next Quiz
Link to next quiz in quiz playlist
You Got
0%
They Got
Avg Score
89%
Avg Friend Score
Upgrade to see
Score Distribution
Jump to the score distribution portion of the page
Score
0/176
Timer
10:00
0
Plays Today
Hint
Answer
% Correct
1992
Michael Schumacher
98.9%
1993
Michael Schumacher
98.9%
1995
Michael Schumacher
98.9%
1996
Michael Schumacher
98.9%
1997
Michael Schumacher
98.9%
1998
Michael Schumacher
98.9%
2002
Michael Schumacher
98.9%
2003
Michael Schumacher
98.9%
2004
Michael Schumacher
98.9%
2005
Michael Schumacher
98.9%
2006
Michael Schumacher
98.9%
2010
Michael Schumacher
98.9%
2011
Michael Schumacher
98.9%
2012
Michael Schumacher
98.9%
1997
Ralf Schumacher
98.3%
1998
Ralf Schumacher
98.3%
1999
Ralf Schumacher
98.3%
2001
Ralf Schumacher
98.3%
2002
Ralf Schumacher
98.3%
2005
Ralf Schumacher
98.3%
1990
Ayrton Senna
97.8%
1992
Ayrton Senna
97.8%
1993
Ayrton Senna
97.8%
1997
Mika Hakkinen
97.8%
1998
Mika Hakkinen
97.8%
2000
Mika Hakkinen
97.8%
2008
Sebastian Vettel
97.2%
2009
Sebastian Vettel
97.2%
2010
Sebastian Vettel
97.2%
2011
Sebastian Vettel
97.2%
2012
Sebastian Vettel
97.2%
2013
Sebastian Vettel
97.2%
2014
Sebastian Vettel
97.2%
2000
Jenson Button
96.6%
2001
Jenson Button
96.6%
2003
Jenson Button
96.6%
2003
Fernando Alonso
96.6%
2004
Jenson Button
96.6%
2004
Fernando Alonso
96.6%
2005
Fernando Alonso
96.6%
2005
Jenson Button
96.6%
2006
Jenson Button
96.6%
2006
Fernando Alonso
96.6%
2009
Jenson Button
96.6%
2009
Fernando Alonso
96.6%
2010
Fernando Alonso
96.6%
2010
Jenson Button
96.6%
2011
Fernando Alonso
96.6%
2012
Fernando Alonso
96.6%
2012
Jenson Button
96.6%
2013
Fernando Alonso
96.6%
2013
Jenson Button
96.6%
2014
Jenson Button
96.6%
2014
Fernando Alonso
96.6%
1996
Damon Hill
96.1%
1998
Damon Hill
96.1%
2005
Felipe Massa
96.1%
2006
Felipe Massa
96.1%
2008
Lewis Hamilton
96.1%
Hint
Answer
% Correct
2008
Felipe Massa
96.1%
2009
Felipe Massa
96.1%
2010
Felipe Massa
96.1%
2010
Lewis Hamilton
96.1%
2011
Lewis Hamilton
96.1%
2011
Felipe Massa
96.1%
2013
Lewis Hamilton
96.1%
2014
Lewis Hamilton
96.1%
1990
Alain Prost
95.5%
1993
Alain Prost
95.5%
1995
David Coulthard
95.5%
1996
David Coulthard
95.5%
1998
David Coulthard
95.5%
1999
David Coulthard
95.5%
2000
David Coulthard
95.5%
2002
David Coulthard
95.5%
2003
David Coulthard
95.5%
2004
David Coulthard
95.5%
2005
David Coulthard
95.5%
2009
Nico Rosberg
95.5%
2010
Nico Rosberg
95.5%
2011
Nico Rosberg
95.5%
2012
Nico Rosberg
95.5%
2013
Nico Rosberg
95.5%
2014
Nico Rosberg
95.5%
1996
Rubens Barrichello
94.4%
2000
Rubens Barrichello
94.4%
2001
Rubens Barrichello
94.4%
2002
Rubens Barrichello
94.4%
2004
Mark Webber
94.4%
2006
Kimi Raikkonen
94.4%
2008
Kimi Raikkonen
94.4%
2009
Mark Webber
94.4%
2009
Rubens Barrichello
94.4%
2010
Mark Webber
94.4%
2011
Mark Webber
94.4%
2012
Kimi Raikkonen
94.4%
2012
Mark Webber
94.4%
2013
Kimi Raikkonen
94.4%
2013
Mark Webber
94.4%
1996
Jacques Villeneuve
93.8%
1998
Jacques Villeneuve
93.8%
2001
Jacques Villeneuve
93.8%
1991
Nigel Mansell
92.7%
1992
Nigel Mansell
92.7%
1999
Eddie Irvine
92.1%
2002
Nick Heidfeld
92.1%
2008
Nick Heidfeld
92.1%
1990
Gerhard Berger
91.6%
1991
Gerhard Berger
91.6%
1993
Gerhard Berger
91.6%
1994
Gerhard Berger
91.6%
1995
Gerhard Berger
91.6%
1997
Gerhard Berger
91.6%
2002
Juan Pablo Montoya
91.6%
2003
Juan Pablo Montoya
91.6%
2004
Juan Pablo Montoya
91.6%
2005
Juan Pablo Montoya
91.6%
2008
Nelsinho Piquet
91%
Hint
Answer
% Correct
1999
Heinz-Harald Frentzen
90.4%
2001
Giancarlo Fisichella
89.9%
2005
Giancarlo Fisichella
89.9%
2006
Giancarlo Fisichella
89.9%
1997
Jarno Trulli
89.3%
2003
Jarno Trulli
89.3%
2006
Jarno Trulli
89.3%
1991
Jean Alesi
88.8%
1992
Jean Alesi
88.8%
1996
Jean Alesi
88.8%
1997
Jean Alesi
88.8%
2001
Jean Alesi
88.8%
2008
Robert Kubica
88.2%
2010
Robert Kubica
88.2%
2008
Heikki Kovalainen
86.5%
2009
Heikki Kovalainen
86.5%
2014
Daniel Ricciardo
86.5%
1995
Johnny Herbert
86%
1999
Mika Salo
85.4%
2000
Mika Salo
85.4%
2012
Sergio Perez
85.4%
2013
Sergio Perez
85.4%
2014
Sergio Perez
85.4%
1994
Olivier Panis
84.8%
1999
Olivier Panis
84.8%
2003
Olivier Panis
84.8%
2012
Nico Hulkenberg
84.8%
2013
Romain Grosjean
84.8%
2013
Nico Hulkenberg
84.8%
2014
Nico Hulkenberg
84.8%
1990
Riccardo Patrese
83.1%
1991
Riccardo Patrese
83.1%
1993
Riccardo Patrese
83.1%
2011
Adrian Sutil
83.1%
2014
Valtteri Bottas
82.6%
2004
Takuma Sato
80.9%
2014
Kevin Magnussen
77.5%
1992
Martin Brundle
77%
2011
Kamui Kobayashi
76.4%
2012
Kamui Kobayashi
76.4%
2010
Vitaly Petrov
74.2%
2011
Vitaly Petrov
74.2%
1990
Thierry Boutsen
71.9%
2006
Christian Klien
70.2%
1993
Mark Blundell
69.1%
2000
Pedro de la Rosa
66.9%
1991
Andrea de Cesaris
61.2%
1990
Alessandro Nannini
60.7%
2004
Antonio Pizzonia
59.6%
2003
Cristiano da Matta
57.3%
1991
Bertrand Gachot
52.8%
1994
Eric Bernard
44.4%
1995
Aguri Suzuki
43.8%
1992
Erik Comas
42.7%
1994
Erik Comas
42.7%
1994
Christian Fittipaldi
42.1%
1994
Gianni Morbidelli
40.4%
1995
Jean- Christophe Boullion
37.1%
Quiz Playlist
Details
Report
Send in Message
Add To Playlist
More Info:
Name the point scoring drivers at the German Grand Prix since 1990. Hockenheimring (1990-2006, 2008,2010,2012,2014) Nurburgring (2009,2011,2013)
Classic:
Type in answers that appear in a list
Last Updated: Feb 16, 2017
Quiz Scoreboard
CHALLENGE
Sign Up to Join the Scoreboard
Show All
Scores
Hide
Comments
May contain spoilers
Recently Published
5x2 Blitz: Bands
by SL_Kpop136
Music
30s
Colored Red Africa Blitz
by spor1
Geography
30s
Find the 'City' Movie
by crazypaving
Movies
60s
More to Explore
Quiz From the Vault
Featured Blog Post
14 Easter Pick-up Lines to Find Eggs With
hide this ad
You Might Also Like...
Tags
1990
formula
Germany
grand
Grand Prix
Prix
Today's Top Quizzes in Sports
Browse Sports
hide this ad
Today's Top Quizzes in Germany
Browse Germany
Top Contributed Quizzes in Sports
1
Players with Multiple 50 Home Run Seasons
2
Les entraîneurs de l'OM et du PSG au 21e siècle
3
Criteria MLB: Left Handed Sluggers
4
2022 World Cup Stars
5
Les meilleurs buteurs des matchs entre le PSG et l’OM
6
Who Hit More Homers?
7
Les joueurs passés par le PSG et l'OM
8
NBA Logic Puzzle 2.0
9
Top 10 NHL Goal Scorers of All Time
10
MLB Players with Two .350 Batting Average Seasons
Explore More
Trending Topics
Marvel
Kpop
Anime
NBA
Disney
Harry Potter
Crossword
Puzzle
Song
Country
Pokémon
WWE
Soccer
NFL
The Office
hide this ad
More By:
Go_Quiz
Quiz
Plays
Rating
Category
Featured
Created
Formula 1: Top 300 point scoring drivers
2,225
3.40
Sports
May 17, 2015
Arsenal FC: Top 10 scorers since 1990
1,229
4.43
Sports
Oct 21, 2014
Manchester United: Top 10 scorers since 1990
1,162
4.80
Sports
Oct 20, 2014
Chelsea FC: Top 10 scorers since 1990
1,034
5.00
Sports
Nov 13, 2014
Liverpool: Top 10 scorers since 1990
877
5.00
Sports
Nov 13, 2014
Go to Creator's Profile
Score Distribution
Quiz Creator Spotlight
Go_Quiz
Follow
Send a Message
Quizzes Created
-
Created Quiz Play Count
-
More By This Creator
Popular Quizzes Today
1
Colored Red Africa Blitz
2
Find the 'City' Movie
3
Find the US States - No Outlines Minefield
4
5x2 Blitz: Bands
5
The Countries of the World
6
Find the US States
7
US States
8
9x9 Crossword: Cartoon Network
More Sports Quizzes
New York Stadium Bullseye
Quiz Lab
Trending Quizzes
Colored Red Europe Blitz I
Colored Red Europe Blitz II
Colored Red Africa Blitz II
Colored Red Europe Blitz III
Colored Red Africa Blitz III
Recently Updated
How Do You Spell That?
pecheneg
Godzilla Movies
pecheneg
Grab Bag: 4-10 Letters
pecheneg
2024 March Madness Bracket
pecheneg
Famous TV Couples
Peacemaker
Champions League XIs: Real Madrid
pecheneg
Largest US Cities 1790-2010
pecheneg
Rides in Walt Disney World
pecheneg
Most Oscar Losses (Acting)
pecheneg
Beyoncé Albums
pecheneg
Trending Topics
Crossword
NBA
Disney
Kpop
Anime
Harry Potter
Marvel
Song
Pokémon
Puzzle
The Office
Country
NFL
WWE
Soccer
Your Account Isn't Verified!
In order to create a playlist on Sporcle, you need to verify the email address you used during registration. Go to your
Sporcle Settings
to finish the process.
Report this User
Report this user for behavior that violates our
Community Guidelines
.
Details:
Send Report
Go to the Sporcle.com Mobile Site →
Comments